000 00325nam a22001457a 4500
008 240206b ||||| |||| 00| 0 eng d
020 _a9780393340761
041 _aeng
080 _22011
_a94
082 _a94
100 _a28
101 _aHISTORI
245 _aPROFILES IN LEADERSHIP
_cWALTER ISAACSON
942 _2udc
_cBK
999 _c60586
_d60586